000 00643nam a2200217Ia 4500
001 1241
003 GE_BSU
008 181216s||||||||xx |||||||||||||| ||und||
020 _a9994072390
040 _cGE_BSU
080 _a122/129
100 _aკუკანია,ალექსანდრე; კუკანია, ვასილ;
245 _aფილოსოფიის საკითხები.
260 _aთბილისი
260 _bზეკარი
260 _c2004
300 _a272 გვ.
541 _h8 ლ.
653 _aფილოსოფიის საკითხები
942 _cBK
999 _c35388
_d35388